Central Library OPAC University of Rajshahi

Original illustrations of English constitutional history / (Record no. 45994)

MARC details
000 -LEADER
fixed length control field 00773nam a2200229 a 4500
001 - CONTROL NUMBER
control field 45994
003 - CONTROL NUMBER IDENTIFIER
rucl marc code BD-RjUL
005 - DATE AND TIME OF LATEST TRANSACTION
control field 20211209054108.0
008 - FIXED-LENGTH DATA ELEMENTS--GENERAL INFORMATION
fixed length control field 160730s1926 enk 001 0 eng d
035 ## - SYSTEM CONTROL NUMBER
System control number (BD-RjUL)46112
040 ## - CATALOGING SOURCE
Original cataloging agency TEX
Transcribing agency TEX
Modifying agency EQO
-- BD-RjUL
Language of cataloging eng
041 ## - LANGUAGE CODE
Language code of text/sound track or separate title eng
082 ## - DEWEY DECIMAL CLASSIFICATION NUMBER
Edition number 23
Classification number 342.4102
Author mark and year MEO 1926
100 1# - MAIN ENTRY--PERSONAL NAME
Personal name Medley, D. J.
Fuller form of name (Dudley Julius),
Dates associated with a name 1861-1953.
9 (RLIN) 140638
245 10 - TITLE STATEMENT
Title Original illustrations of English constitutional history /
Statement of responsibility, etc. by D. J. Medley
250 ## - EDITION STATEMENT
Edition statement 2nd ed. rev. and enlarged
260 ## - PUBLICATION, DISTRIBUTION, ETC. (IMPRINT)
Place of publication, distribution, etc. London :
Name of publisher, distributor, etc. Methuen & Co,
Date of publication, distribution, etc. 1926
300 ## - PHYSICAL DESCRIPTION
Pagination xii, 425 p. ;
Size 18 cm
500 ## - GENERAL NOTE
General note "Selected documents suitable to the needs of the ordinary student."
650 #0 - SUBJECT ADDED ENTRY--TOPICAL TERM
Topical term or geographic name as entry element Constitutional history
Geographic subdivision Great Britain
Form subdivision Sources
9 (RLIN) 139775
942 ## - ADDED ENTRY ELEMENTS (KOHA)
Source of classification or shelving scheme Dewey Decimal Classification
Koha item type Books
Holdings
Lost status Source of classification or shelving scheme Damaged status Not for loan Collection code Permanent Location Current Location Shelving location Date acquired Source of acquisition Cost, normal purchase price Total Checkouts Full call number Date last seen Copy number Koha item type
  Dewey Decimal Classification     Non-fiction Central Library, University of Rajshahi Central Library, University of Rajshahi   19/12/1957 Pak American 8.10   342.4102 MEO 1926 30/07/2016 C-2 Books